1017 1348 1383 1242 1576 1423 1620 1809 1242 1460 1029 1234 1440 1076 1631 1557 1295 1318 1416 1311 1036 1612 1661 1651 1372 1357 1327 1971 1238 1157 1875 1517 1619 1848 1396 1027 1895 1090 1059 1459 1853 1833 1407 1946 1850 1515 1817 1894 1869 1471 1902 1697 1138 1351 1528 1629 1626 1560 1264 1680 1608 1838 1227 1861 1473 1360 1832 1170 1845 1167 1332 1753 1257 1993 1818 1636 1867 1851 1205 1190 1044 1052 1609 1845 1745 1826 1808 1034 1892 1586 1699 1135 1696 1660 1699 1580 1402 1618 1856 BCNSPRNW ULIB Ver.6.0+V

เปลี่ยนเป็นภาษาไทย

Change to English
 แสดงรายละเอียดบรรณานุกรม
  กลับหน้าหลัก

Brief Record : Get Marc (ISO 2709) : E-mail record : QR code < ปิดหน้าต่าง
LEADER : 00000nam 2200000uu 4500
001    13399114310
003     ULIB
008    120321s2553||||th 000 0 tha d
020    ^a9786167057224
090    ^aนว.^bอ585บ 2553
100 0  ^aอาฬาดา
245 00 ^aบอดี้การ์ด..ที่รัก/^cอาฬาดา
250    ^aพิมพ์ครั้งที่ 1
260    ^aกรุงเทพฯ :^bSimply book,^c2553
300    ^a288 หน้า
710 1  ^aSimply book
945    ^p200^l0^i17077
995    ^aกัณชพร
999    ^aใช้งานได้ทุกระบบ
รายการนี้ยังไม่มีแท็ก
คุณยังไม่ได้ล็อกอิน คุณสามารถมีกิจกรรมร่วมกับเว็บไซต์ได้ แต่ต้องล็อกอินก่อน ::
  ล็อกอิน

รายการสื่อสารสนเทศ

ลำดับที่ ประเภท เลขเรียก/บาร์โค้ด สถานที่ สถานะ
1. วิทยาศาสตร์การแพทย์ และสุขภาพ
วิทยาศาสตร์การแพทย์ และสุขภาพ
นว. อ585บ 2553  
  Barcode: 17077
ห้องสมุดวิทยาเขตสวรรค์ประชารักษ์
►นวนิยาย
บนชั้น
  ขอยืม

BibComment


ยังไม่เคยถูกคอมเมนท์

คอมเมนท์ทรัพยากรรายการนี้
  คอมเมนท์: บอดี้การ์ดที่รัก..


 Copyright 2026. Bcnsprnw @Library